Building regulations (Record no. 36357)

MARC details
000 -LEADER
fixed length control field 01060cab a2200301 4500
001 - CONTROL NUMBER
control field ABS46704
008 - FIXED-LENGTH DATA ELEMENTS--GENERAL INFORMATION
fixed length control field 090401t1992 xxu||||| |||| 00| 0 eng d
035 ## - SYSTEM CONTROL NUMBER
System control number (Sirsi) u59279
041 ## - LANGUAGE CODE
Language code of text/sound track or separate title eng
100 ## - MAIN ENTRY--PERSONAL NAME
Personal name Smith, D.
245 ## - TITLE STATEMENT
Title Building regulations
260 ## - PUBLICATION, DISTRIBUTION, ETC.
Date of publication, distribution, etc. 1992
350 ## - PRICE (NR) (BK AM CF MU VM SE) [OBSOLETE]
Price 0
490 ## - SERIES STATEMENT
Series statement CS Monthly
-- the Building Surveyor
Volume/sequential designation 1(7) April 1992, 11; 1(8) May 1992, 14; 1(9) June
520 ## - SUMMARY, ETC.
Summary, etc. A series of four articles reviewing the Building Regulations 1991. The first looks at the main changes and subsequent articles concentrate on structure, fire safety and disabled access.
650 ## - SUBJECT ADDED ENTRY--TOPICAL TERM
Topical term or geographic name entry element ACCESS
650 ## - SUBJECT ADDED ENTRY--TOPICAL TERM
Topical term or geographic name entry element APPROVED DOCUMENTS
650 ## - SUBJECT ADDED ENTRY--TOPICAL TERM
Topical term or geographic name entry element BUILDING REGULATIONS 1990
650 ## - SUBJECT ADDED ENTRY--TOPICAL TERM
Topical term or geographic name entry element MANAGEMENT-BUSINESS MANAGEMENT-DISCRIMINATION-DISABILITY DISCRIMINATION-ACCESSIBILITY
650 ## - SUBJECT ADDED ENTRY--TOPICAL TERM
Topical term or geographic name entry element MANAGEMENT-HEALTH AND SAFETY-FIRE SAFETY
650 ## - SUBJECT ADDED ENTRY--TOPICAL TERM
Topical term or geographic name entry element MEANS OF ESCAPE
690 ## - LOCAL SUBJECT ADDED ENTRY--TOPICAL TERM (OCLC, RLIN)
Topical term or geographic name as entry element BUILDING AND CONSTRUCTION-REGULATIONS
700 ## - ADDED ENTRY--PERSONAL NAME
Personal name Sammons, T.
700 ## - ADDED ENTRY--PERSONAL NAME
Personal name Warsby, C.
700 ## - ADDED ENTRY--PERSONAL NAME
Personal name Scrivener, G.
942 ## - ADDED ENTRY ELEMENTS (KOHA)
Suppress in OPAC 0
948 ## - LOCAL PROCESSING INFORMATION (OCLC); SERIES PART DESIGNATOR (RLIN)
c (OCLC) 04/03/1997
Holdings
Withdrawn status Lost status Source of classification or shelving scheme Damaged status Not for loan Home library Current library Shelving location Date acquired Total Checkouts Full call number Barcode Date last seen Copy number Price effective from Koha item type
    Dewey Decimal Classification     London London Journal article 14/09/1999   ABS46704 59279-1001 06/08/2019 1 06/08/2019 Journal article